Železo a iné básne

Bibliographic Details
Main Authors: Hivešová-Šilanová, Daniela, 1952-2008 (Author), Kováčik, Marián, 1940-2004 (Author)
Format: Article
Language:Slovak
PhysicalDescription:Fot. 1.
Subjects:

MARC

LEADER 00000nab a2200000 a 4500
001 vtls000112182
003 SK-MaSNL
005 20260303024057.0
008 111104c1982 xo 0 slo
015 |a SNBRB19rr/mm-uuuuu 
035 |a CL0122285 
040 |a SNKBUCL  |b slo  |c SNKBUCL  |e AACR2 
041 0 |a slo 
044 |a xo  |c SK 
080 |a 82:929:885.4  |2 1981 
080 |a 885.4  |2 1981 
080 |a 929 Kováčik, Marián  |2 1981 
100 1 |a Hivešová-Šilanová, Daniela,  |d 1952-2008  |4 aut  |9 106474 
245 1 0 |a Železo a iné básne  |c Daniela Hivešová-Šilanová, Marián Kováčik 
300 |b Fot. 1. 
600 1 7 |a Kováčik, Marián,  |d 1940-2004  |2 snkbucl  |9 73651 
655 7 |a články z novín a časopisov  |2 snkbucl  |9 267496 
655 7 |a články z odboru literárna veda a krásna literatúra  |2 snkbucl  |9 770045 
700 1 |a Kováčik, Marián,  |d 1940-2004  |4 aut  |9 73651 
773 0 |t Kamarát  |g Roč. 14, č. 26 (1982), s. 12 
850 |a Slovenská národná knižnica v Martine  |a MTA001 
852 |a SNK  |b KIS3GCP 
958 |a RK 
958 |a LX 
992 |a RBX 
999 |c 1638145  |d 1640075